000 00298nam a2200121Ia 4500
008 190802s9999 xx 000 0 und d
020 _a969-8773-35-5
100 _aProf. Dr. Nisar Ahmed
245 0 _aKhutaba Hijat-ul-Wida
260 _aLahore
_bBait-ul-Hikma
_c2005
300 _a256:p
942 _cBK
999 _c2478
_d2478